| 000 | 00652nam a22002177a 4500 | ||
|---|---|---|---|
| 999 |
_c20674 _d20674 |
||
| 003 | AR-CdUCM | ||
| 008 | 190405b ||||| |||| 00| 0 spa d | ||
| 020 | _a0 19 433634 4 | ||
| 040 |
_aMUNICIPALIDAD PROVINCIAL DEL CUSCO _cBIBLIOTECA MUNICIPAL DEL CUSCO |
||
| 082 |
_aEP / 373.428 / _bH94 |
||
| 100 |
_aHunt, Alejandro _943223 |
||
| 245 | _aWagner / | ||
| 260 |
_aBarcelona : _bE.D.H.A.S.A. |
||
| 300 |
_a37 páginas ; _bIlustraciones _c21 cm. |
||
| 505 | _aContenido: Infancia -- Minna -- El genio encadenado... | ||
| 650 |
_aCuento _94671 |
||
| 650 |
_aInfantil _96210 |
||
| 700 |
_aDugo, Andre _943218 |
||
| 942 |
_2ddc _cLIBROS |
||
| 945 | _arcc | ||